揭開生命奧秘

資料類型: Book 圖書   書目號:35698

Leader xxxxxxxxxx
001 __ PCLIS00035698
005 __ 20051216143441.41
010 0_ |a957-|b平裝|dNT$
020 __ |acw|b82005151
100 __ |a20051216d2005        0chib0109    e
101 0_ |achi
102 __ |acw
105 __ |aa   z   000yy
200 1_ |a揭開生命奧秘|e|f陳蒼杰等編譯|g
205 __ |a初版
210 __ |a臺北市|c將軍|d民71年
215 0_ |a|c圖, 表|d公分
225 1_ |a|v
300 __ |a
681 __ |a859.6|b
700 __ |a陳蒼杰等|b|4編譯
702 _1 |a|b|4
801 __ |acw|b本館|c20051216
  
  
  
  
  
  
  
  
  
  
  
  
  
  
  
  
  
  
詳細館藏(共 1 筆)
索 書 號登 錄 號冊次號館別 / 館藏地流通類型狀態加入預約清單電子資源
859.6 / 8753 2015061  圖書館 / 一樓普通區 可外借30天 在館   

| 條列資料




目錄查詢 分類查詢 個人資料 圖書薦購 新書查詢 閉館日 排行榜 更多電子資源 Hami書城 線上資料庫 登出

From : 216.73.216.116

  本日流通累計至 18:53:36 借閱 : 9 次 續借 : 0 次 歸還 : 10 次 預約 : 0 次 電子資源 : 0 次


內湖高中圖書館  PCLIS 版本  25.5.0.2